Flags by Letter - B - Statistics

General Stats
  • This quiz has been taken 430 times
  • The average score is 15 of 17
Answer Stats
Picture Answer % Correct
Belgium
97%
Brazil
97%
Bangladesh
96%
Barbados
94%
Bulgaria
94%
Bahrain
93%
Bhutan
93%
Belarus
90%
Bosnia and Herzegovina
90%
Bahamas
86%
Brunei
86%
Bolivia
85%
Botswana
85%
Burundi
84%
Belize
81%
Burkina Faso
81%
Benin
80%
No matching quizzes found
Score Distribution
Percent of People with Each Score
Percentile by Number Answered
Your Score History
You have not taken this quiz